000 00330nam a22001457a 4500
005 20170803141420.0
008 170803b xxu||||| |||| 00| 0 eng d
040 _cPK-LaUMT
082 _aZIAC 297
_bABD-A
100 _aAbdul Qadir
245 _aAl Islam/
_cAbdul Qadir
260 _a[ ]
_b[ ]
_c[ ]
300 _a[ ]
942 _cBK
999 _c96370
_d96370